Tisk a právo

Saved in:
Bibliographic Details
Main Author Sokol, Tomáš, 1951- (Author)
Format Book
LanguageCzech
Published Praha : Orac, 2001
Edition1. vyd.
SeriesIuris context
Subjects
ISBN8086199177
Physical Description135 s. : barev. il. ; 31 cm

Cover

LEADER 00000cam a22000007a 4500
001 17763
003 CZ-ZlUTB
005 20190825233631.0
008 010521s2001 xr |||||r|||||||||||cze|d
020 |a 8086199177  |q (váz.) 
040 |a ABA001  |b cze  |c ABA001  |d ZLD002 
072 7 |a 342  |x Ústavní právo. Správní právo  |2 Konspekt  |9 16 
080 |a (0.072)  |2 v 
080 |a (094.5)  |2 v 
080 |a 342.732  |2 v 
100 1 |a Sokol, Tomáš,  |d 1951-  |7 jn20000710563  |4 aut 
245 1 0 |a Tisk a právo /  |c [Tomáš Sokol ; autorsky spolupracovali Karel Malý, Olga Sovová] 
250 |a 1. vyd. 
260 |a Praha :  |b Orac,  |c 2001 
300 |a 135 s. :  |b barev. il. ;  |c 31 cm 
490 1 |a Iuris context 
500 |a Anglické resumé 
500 |a Související ekonomické a další informace 
500 |a Tiskový zákon s komentářem 
504 |a Obsahuje bibliografii a rejstřík 
650 0 4 |a Právo 
650 0 4 |a právo tiskové 
650 0 7 |a tisk  |7 ph126649  |2 czenas 
650 0 4 |a tiskový zákon 
700 1 |a Malý, Karel,  |d 1930-  |7 jk01073356  |4 oth 
700 1 |a Sovová, Olga  |7 xx0005705  |4 oth 
830 0 |a Iuris context 
910 |a ZLD002 
952 |0 1  |1 0  |4 0  |6 34TISK  |7 0  |8 BOOK  |9 30791  |a UTBZL  |b UTBZL  |c 030  |d 2006-07-29  |l 0  |o 34/TISK  |p 420010080099  |r 2019-08-25 00:00:00  |v 340.00  |w 2019-08-25  |x zastaralé  |y 05 
952 |0 0  |1 0  |4 0  |6 34TISK  |7 0  |8 BOOK  |9 30792  |a UTBZL  |b UTBZL  |c 030  |d 2006-07-29  |l 4  |o 34/TISK  |p 420010080100  |r 2019-08-25 00:00:00  |v 340.00  |w 2019-08-25  |x N:nákup - dotace KFMZ 2003 | 20100831  |y 05 
992 |a BK  |b SK  |d 4 
999 |c 17763  |d 17763